LEADER 00967nam 2200349 450 001 9910137726403321 005 20221007033431.0 010 $a953-51-6765-0 035 $a(CKB)3230000000076584 035 $a(NjHacI)993230000000076584 035 $a(EXLCZ)993230000000076584 100 $a20221007d2012 uy 0 101 0 $aeng 135 $aur||||||||||| 181 $ctxt$2rdacontent 182 $cc$2rdamedia 183 $acr$2rdacarrier 200 00$aNovel strategies in lymphedema /$fedited by Alberto Vannelli 210 1$aRijeka, Croatia :$cInTech,$d[2012] 210 4$dİ2012 215 $a1 online resource (116 pages) 311 $a953-307-929-0 606 $aLymphedema$xSurgery 615 0$aLymphedema$xSurgery. 676 $a616.42 702 $aVannelli$b Alberto 801 0$bNjHacI 801 1$bNjHacl 906 $aBOOK 912 $a9910137726403321 996 $aNovel Strategies in Lymphedema$92226601 997 $aUNINA